000 00996nam a2200265 a 4500
001 000048044
005 20240412074306.0
008 181109s2017 dr 000 p spa d
020 _a9789945503159
040 _aDO-SdBNP
_bspa
_cBNPHU
082 _aRD861.44
_bM843p
100 1 _aMoreno Jimenez, Domingo,
_d1894-1986.
_975550
245 1 0 _aPalabras sin tiempo :
_b[selección poética] /
_cDomingo Moreno Jimenez ; seleccion y prólogo de Manuel Mota Serrano.
260 _aSanto Domingo :
_bNacional,
_c2017.
300 _axxviii, 166 p. ;
_c19 cm.
490 1 _aBiblioteca dominicana básica
_apoesía
_v6
500 _aIncluye datos biográficos del autor en las solapas
504 _aBibliografía: p. 23-28
590 _aInventariado, 2018/LP
650 0 _aPoesía dominicana
_966
650 0 _aLiteratura dominicana.
_967
700 1 _aManuel Mota Serrano
_epról.
_975551
830 0 _aBiblioteca dominicana básica ;
_ppoesía
_n6
_975552
910 _aValidado. Control de calidad MFF
999 _c47532
_d47532